00341nam a2200133Ia 4500008004100000041000800041082001500049100001500064245004500079250001400124260002800138300003200166365000900198240624s9999 xx 000 0 und d aeng a332.63 KOL aKOLLER TIM aVALUATION MEASURING AND MANAGING THE VAL a(6th ed.) c2015aNew JerseybWiley axvii, : 871 : p. : cm. ; 25 cb30